Modifikácia európskych vzdelávacích systémov v kontexte znalostnej ekonomiky

Analýza efektívnosti, rovnosti, kvality a spravodlivosti v európskych systémoch vzdelávania a odbornej prípravy. Príspevok sa tiež zaoberá koncepciou inkluzívneho vzdelávania a načrtáva kľúčové princípy zlepšovania jeho kvality.

Salvato in:
Dettagli Bibliografici
Autore principale: Polonyová, Simona, 1985-
Natura: Capitolo di libro
Lingua:slovacco
Soggetti:
Tags: Aggiungi Tag
Nessun Tag, puoi essere il primo ad aggiungerne!!

MARC

LEADER 00000nla$a2200000$$$4500
001 0123515
005 20240502072407.4
041 0 |a slo 
044 |a SK 
245 1 0 |a Modifikácia európskych vzdelávacích systémov v kontexte znalostnej ekonomiky  |c Simona Polonyová 
520 |a Analýza efektívnosti, rovnosti, kvality a spravodlivosti v európskych systémoch vzdelávania a odbornej prípravy. Príspevok sa tiež zaoberá koncepciou inkluzívneho vzdelávania a načrtáva kľúčové princípy zlepšovania jeho kvality. 
610 2 0 |a vzdelávanie 
610 2 0 |a systém 
610 2 0 |a politika 
610 2 0 |a Európa 
610 2 0 |a ekonomika vedomostná 
100 1 |a Polonyová, Simona, 1985-